| 000 | 04300cgm a2200841Ia 4500 | ||
|---|---|---|---|
| 001 | ocn436307440 | ||
| 003 | OCoLC | ||
| 005 | 20241220124146.0 | ||
| 008 | 090911s2009 cau123 vleng d | ||
| 007 | vd cvaizq | ||
| 040 |
_aTEFMT _cTEFMT _dBTCTA _dTEF _dUPZ _dGK8 _dJO6 _dMR0 _dTEF _dUINTA |
||
| 020 | _a1435951174 | ||
| 020 | _a9781435951174 | ||
| 024 | 1 | _a043396292291 | |
| 024 | 1 | _a043396337138 | |
| 028 | 4 | 2 |
_a29229 _bSony Pictures Home Entertainment |
| 028 | 4 | 2 |
_a33713 _bSony Pictures Home Entertainment |
| 035 | _a(OCoLC)436307440 | ||
| 041 | 1 |
_aeng _afre _jeng _jfre _heng |
|
| 043 |
_an-us--- _ae-fr--- |
||
| 050 | 1 | 4 |
_aPN1997.2 _b.J85 2009 |
| 082 | 0 | 4 |
_a791.43/72 _222 |
| 049 | _aUCLB | ||
| 092 | _a791.437 | ||
| 245 | 0 | 0 |
_aJulie & Julia _h[videorecording] / _cColumbia Pictures presents an Easy There Tiger/Amy Robinson production, a Laurence Mark production, a film by Nora Ephron ; produced by Laurence Mark, Nora Ephron, Amy Robinson, Eric Steel ; screenplay by Nora Ephron ; directed by Nora Ephron. |
| 246 | 3 | _aJulie and Julia | |
| 260 |
_aCulver City, Calif. : _bSony Pictures Home Entertainment, _cc2009. |
||
| 300 |
_a1 videodisc (123 min.) : _bsd., col. ; _c4 3/4 in. |
||
| 538 | _aDVD ; anamorphic widescreen (1.85) presentation ; Dolby digital 5.1 surround. | ||
| 546 | _aClosed-captioned. | ||
| 546 | _aIn English or dubbed French, with optional subtitles in English or French. | ||
| 511 | 1 | _aMeryl Streep, Amy Adams, Stanley Tucci, Chris Messina, Linda Emond, Mary Lynn Rajskub, Jane Lynch, Frances Sternhagen. | |
| 508 | _aDirector of photography, Stephen Goldblatt ; editor, Richard Marks ; music, Alexandre Desplat. | ||
| 500 | _aBased on the book "Julie & Julia" by Julie Powell and "My life in France" by Julia Child with Alex Prud'Homme. | ||
| 500 | _aDVD release of the 2009 motion picture. | ||
| 500 | _aSpecial features: commentary with writer/director Nora Ephron ; Secret ingredients: creating Julie & Julia. | ||
| 521 | 8 | _aMPAA rating: PG-13; for brief strong language and some sensuality. | |
| 521 | 8 | _aCHV rating: PG; coarse language, language may offend. | |
| 520 | _aJulie Powell is a frustrated insurance worker who wants to be a writer. Trying to find a challenge in her life, she decides to cook her way through Julia Child's 'Mastering the Art of French Cooking' in one year, and to blog about it. As Julie begins to find her groove as a cook, and her voice as a writer, the project takes on a life of its own. The project provides the struggling young woman with her life's purpose, to her very pleasant surprise. Julia Child has an amazing love affair with her dashing husband, Paul, all while embracing life and French food. Julie lovingly celebrates the life on one of American food's most influential and beloved figureheads. | ||
| 600 | 1 | 0 |
_aPowell, Julie _vDrama. _96200119 |
| 600 | 1 | 0 |
_aChild, Julia _vDrama. _96200120 |
| 650 | 0 |
_aBlogs _vDrama. _96511106 |
|
| 650 | 0 |
_aCookery, French _vAnecdotes _vDrama. _96511107 |
|
| 650 | 0 |
_aCookery _xStudy and teaching _zFrance _zParis _vDrama. _96511108 |
|
| 650 | 0 |
_aWomen cooks _vBiography. _96510572 |
|
| 655 | 0 |
_aRomantic comedy films. _96200125 |
|
| 655 | 0 |
_aBiographical films. _9102649 |
|
| 655 | 0 |
_aVideo recordings for the hearing impaired. _96200126 |
|
| 655 | 0 |
_aFeature films. _96200127 |
|
| 655 | 0 |
_aFilm adaptations. _96200128 |
|
| 700 | 1 |
_aDesplat, Alexandre. _976818 |
|
| 700 | 1 |
_aMark, Laurence. _975863 |
|
| 700 | 1 |
_aEphron, Nora. _91813 |
|
| 700 | 1 |
_aRobinson, Amy. _962311 |
|
| 700 | 1 |
_aSteel, Eric. _96200129 |
|
| 700 | 1 |
_aStreep, Meryl. _914132 |
|
| 700 | 1 |
_aAdams, Amy. _969264 |
|
| 700 | 1 |
_aTucci, Stanley. _961854 |
|
| 700 | 1 |
_aMessina, Chris. _95859119 |
|
| 700 | 1 |
_aEmond, Linda. _967431 |
|
| 700 | 1 |
_aRajskub, Mary Lynn, _d1971- _973750 |
|
| 700 | 1 |
_aLynch, Jane, _d1960- _95732056 |
|
| 700 | 1 |
_aSternhagen, Frances, _d1930- _959708 |
|
| 700 | 1 |
_aPowell, Julie. _tJulie & Julia. _96200130 |
|
| 700 | 1 |
_aChild, Julia. _tMy life in France. _96200131 |
|
| 710 | 2 |
_aColumbia Pictures Corporation. _915602 |
|
| 710 | 2 |
_aEasy There Tiger, Inc. _96200132 |
|
| 710 | 2 |
_aSony Pictures Home Entertainment (Firm) _971947 |
|
| 938 |
_aBaker and Taylor _bBTCP _nBEDDCO 29229 |
||
| 942 |
_cDVD _0274 |
||
| 994 |
_aC0 _bUINTA |
||
| 998 | _aa129457 | ||
| 999 |
_c65337 _d65337 |
||